000 00669nam a2200289Ia 4500
005 20260324124753.0
008 008 260324s9999 xx 000 0 eng d
020 _a9781315257327
037 _aEBOOK
040 _aCRL
040 _beng
040 _cCRL
041 _2eng
041 _aeng
084 _qCRL
100 _aMangai Natarajan
_91173121
245 0 _aDrugs of Abuse: The International Scene
245 0 _bVolume I
260 _bTaylor and Francis
260 _c2010
365 _a
365 _b290
856 _uhttp://www.taylorfrancis.com/books/9781315257327
942 _cEBOOK
999 _c1770114
_d1770114